| 000 | 02012nam a22002894c 4500 | ||
|---|---|---|---|
| 003 | AR-BaSMT | ||
| 008 | 240614t2022 agad||gr|||| 001 0 spa d | ||
| 020 | _a9789874863812 | ||
| 040 |
_aBSGB _bespañol _erda |
||
| 041 | 0 |
_aspa _hespañol |
|
| 080 | _a004.8 | ||
| 100 | 1 |
_aMarchini, Timoteo _9428 |
|
| 245 | 1 | 1 |
_aClima _b: El desafío de diseño más grande de todos los tiempos |
| 250 | _aprimera edición | ||
| 264 | 1 |
_aBuenos Aires: _bEl Gato y La Caja, _c2022. |
|
| 300 | _a448 páginas. | ||
| 336 | _aTexto | ||
| 337 | _aSin mediación | ||
| 338 | _aVolúmen | ||
| 505 | _aIndice: Parte 1: ESCENARIOS 1.1 El efecto invernadero / Timoteo Marchini -- 20 1.2 El planeta / Carolina Vera -- 68 1.3 Las personas /Tamara Ulloa -- 94 Parte 2: SISTEMAS 2.1 Energía / Juan Arroyo -- 144 2.2 Movilidad / Felipe Gonzalez -- 206 2.3 Alimentación / Ezequiel Arrieta -- 264 Parte 3: EXPERIENCIAS 3.1 Políticas de desarrollo / Equipo Fundar -- 312 3.2 Disrupción tecnológica / Equipo Gridx --346 3.3 Activismo ambiental / Equipo Jóvenes por el Clima -- 382 | ||
| 520 | 1 | _aClima aborda una de las problemáticas más urgentes de nuestros tiempos: la crisis climática. Escrito en colaboración con un grupo de especialistas que van de la meteorología a la economía, propone al lector entrar a la conversación sobre el cambio climático con una mirada profunda sobre un problema complejo, apoyándose en una perspectiva de diseño fuerte. | |
| 521 | _aPúblico general | ||
| 530 |
_aDisponible gratuitamente online _uhttps://elgatoylacaja.com/libros/clima?_gl=1*phv7h3*_gcl_aw*R0NMLjE3NjM2NDY2NzMuQ2p3S0NBaUFsZnZJQmhBNkVpd0FjRXJweVgtUW1iT1UzQU5CNVVjbUZVel92cFNNZ2R1d3BGQWRaNWVDMGRRRFZ3ZHlCSWpBS1lYX2lob0Nld1VRQXZEX0J3RQ..*_gcl_au*MTE2OTkxMzMyNy4xNzYzNjQ2NjcyLjQyOTM4MzYwNS4xNzYzNjQ2NjcyLjE3NjM2NDY2NzI.*_ga*MTA0NzQ0NzEwNi4xNzYzNjQ2Njcz*_ga_Q0DKHW4XS8*czE3NjU5ODE5MDUkbzIkZzAkdDE3NjU5ODE5MDUkajYwJGwwJGgw |
||
| 650 | 4 |
_962 _aCIENCIA _xEcología |
|
| 942 |
_2udc _aBOOK |
||
| 999 |
_c593 _d593 |
||